000 00371nam a22001577a 4500
003 MPLRDC
005 20220104114205.0
008 210129b ||||| |||| 00| 0 eng d
082 _a782.26 ZT
100 _a赵同 编著
245 _a中国民族英雄传
_c
260 _a
_b山河出版社
_c1984
300 _b
650 _a中国传记
942 _cBK
_o782.26 ZT
999 _c5534
_d5524